Analýza hodnotovej stránky reprodukčného procesu agrokomplexu výskumná práca

Saved in:
Bibliographic Details
Format: Book
Language:Slovak
Published: Bratislava Ústredný ústav národohospodárskeho výskumu 1985
Tags: Add Tag
No Tags, Be the first to tag this record!

MARC

LEADER 00000nam a2200000 4500
001 c109522
005 20200820111821.7
041 0 |a slo 
044 |a SK 
245 1 0 |a Analýza hodnotovej stránky reprodukčného procesu agrokomplexu  |b výskumná práca 
264 1 |a Bratislava  |b Ústredný ústav národohospodárskeho výskumu  |c 1985 
300 |a 38 s.